| 000 | 00571nam a2200193 a 4500 | ||
|---|---|---|---|
| 005 | 20140412111232.0 | ||
| 008 | 010523s19uu xx 00 eng d | ||
| 020 | _a1-56293-342-6 | ||
| 050 |
_aER _bPe43 1993 |
||
| 100 | _aEldrid, Brenda Martin | ||
| 245 |
_aPershey the rabbit / _cby Brenda Martin Eldrid; illustrated by County Studio. |
||
| 260 |
_aNew York : _bMcClanahan Book Company, Inc, _c1993. |
||
| 300 | _a1v. (unp.) ; ill. | ||
| 440 | _aStorytime Books | ||
| 650 | _aChildren's stories | ||
| 650 | _aRabbit-Fiction | ||
| 999 |
_c102248 _d102248 |
||